00472 2200181 4500001002100000005001700021006001900038008004100057020001800098035002500116041000700141082001300148090001900161100001300180245004000193260004200233650001500275INLIS00000000000420720140314122655.0a ||| | 180719| ||| | id  a979-22-2444-0 a0010-031300000004207 aid0 a641.8653 a641.8653 IND b0 aIndriani00aSeri usaha boga brownies kukus keju aJakartabGramedia pustaka utamac2006 0ausaha boga